La lonja del mar y los cuerpos de comercio de Barcelona / (Record no. 40697)

MARC details
000 -LEADER
campo de control de longitud fija 00457nam a2200145 i 4500
001 - NÚMERO DE CONTROL
campo de control 40697
003 - IDENTIFICADOR DE NÚMERO DE CONTROL
campo de control ES-MaACL
007 - CAMPO FIJO DE DESCRIPCIÓN FÍSICA--INFORMACIÓN GENERAL
campo de control de longitud fija t|
008 - DATOS DE LONGITUD FIJA--INFORMACIÓN GENERAL
campo de control de longitud fija 030306s1953 sp ||||1| spa d
100 1# - ENTRADA PRINCIPAL--NOMBRE DE PERSONA
Nombre de persona Carrera Pujal, Jaime.
9 (RLIN) 35642
245 13 - MENCIÓN DEL TÍTULO
Título La lonja del mar y los cuerpos de comercio de Barcelona /
Mención de responsabilidad, etc. Jaime Carrera Pujal.
260 ## - PUBLICACIÓN, DISTRIBUCIÓN, ETC.
Lugar de publicación, distribución, etc. Barcelona :
Nombre del editor, distribuidor, etc. Bosch,
Fecha de publicación, distribución, etc. [1953] (
Fabricante Tip. Catalana)
300 ## - DESCRIPCIÓN FÍSICA
Extensión XI, 541 p. :
Otras características físicas il. ;
Dimensiones 26 cm.
852 ## - LOCALIZACIÓN
Ubicación ES-MaACL
Número de control de estantería C-5965
Sublocalización o colección R.34935
Holdings
Estatus retirado Estado de pérdida Estado de daño No para préstamo Biblioteca de origen Biblioteca actual Ubicación en estantería Fecha de adquisición Fuente de adquisición Total de préstamos Signatura topográfica completa Código de barras Visto por última vez Precio de reemplazo Tipo de ítem Koha
        Biblioteca del Ateneo de Madrid Biblioteca del Ateneo de Madrid Sala Palomar 17/01/2008     C-5965 1042846 23/02/2023 23/02/2023 Libro impreso